Squid jigging from small boats

Αποθηκεύτηκε σε:
Λεπτομέρειες βιβλιογραφικής εγγραφής
Κύριος συγγραφέας: Mototsugu Hamabe
Μορφή: Βιβλίο
Γλώσσα:Undetermined
Έκδοση: Surrey, Eng. Fishing News Books 1982
Θέματα:
Ετικέτες: Προσθήκη ετικέτας
Δεν υπάρχουν, Καταχωρήστε ετικέτα πρώτοι!
Thư viện lưu trữ: Trung tâm Học liệu Trường Đại học Cần Thơ
LEADER 00516nam a2200181Ia 4500
001 CTU_58234
008 210402s9999 xx 000 0 und d
082 |a 639.4858 
082 |b H198 
100 |a Mototsugu Hamabe 
245 0 |a Squid jigging from small boats 
245 0 |c Mototsugu Hamabe, Chikamasa Hamuro and Michio Oruga 
260 |a Surrey, Eng. 
260 |b Fishing News Books 
260 |c 1982 
650 |a squid fisheries 
904 |i Minh 
980 |a Trung tâm Học liệu Trường Đại học Cần Thơ